000 00554nam a2200169 i 4500
001 35092
003 ES-MaACL
005 20230906155043.0
007 t|
008 030212s1962 sp ||||1| spa d
100 1 _aBorchert, Alfred.
_930372
245 1 0 _aEnfermedades parasitarias de los animales domésticos /
_cAlfred Borchert ; traducción por Miguel Cordero del Campillo.
260 _aZaragoza :
_bAcribia,
_c1962.
300 _a160 p. :
_bil. ;
_c22 cm.
700 1 _aCordero del Campillo, Miguel.
_940521
852 _aES-MaACL
_jC-21558
_bR.49543
999 _c35092
_d35092